01021nam a2200217Ia 4500001002300000003001000023008004100033040002500074041000700099100002800106245014800134250001100282260004700293300001200340500020900352650002300561942000700584957000600591999003200597952017400629cee2-1306 [d000001268]IT-MiCISF161014s9999||||xx |||||||||||||| ||und|| aIT-MiCISFcIT-MiCISF ait aGhedini Patrizia Orsola 0aBambini: solo un affare di donne?bRapporto nazionale elaborato per il "Childcare Network" istituito dalla Commissione delle Comunità€ Europee a1a ed. bCommissione delle Comunità€ Europeec1988 app. 274 a / politica-familiare, servizi-infanzia, bambini, cura, operatori, scuola, struttura-famiglia, bisogni-famiglia, lavoro, famiglia, madre-lavoratrice, previdenze-per-famiglia, assegni-familiari / documento apolitica-familiare cBK 71 a1306bsig1c209390d209390 0010406CEE_21306_D00000126871aCISFbCISFd2016-10-14l0ocee2-1306 [d000001268]r2016-10-14 00:00:00w2016-10-14yBKzData import 15.10.2016 / by Epidotti, Vaglietti